000
00202 a2200097 4500
001
48783
090
_c
31683
_d
31683
100
_a
Laursen, Tod A
245
_a
Mechanics of material
260
_a
New York
_b
J Willey
942
_a
NUST-CAE
999
_c
283856
_d
283856